| 000 | 00436nam a22001817a 4500 | ||
|---|---|---|---|
| 003 | NUST | ||
| 038 | _aوسیم | ||
| 082 | _a891.4393 | ||
| 100 |
_aAltamash _988532 |
||
| 245 | _aDastaan eman faroshon ki part 1 | ||
| 260 |
_aLahore, _bIlm o irfan publishers _c2011 |
||
| 300 | _a248 p. : | ||
| 563 | _aHBK | ||
| 650 |
_aUrdu literature _988533 |
||
| 700 |
_aAltamash _988532 |
||
| 880 |
_6100-01\(3\r _aالتمش |
||
| 942 |
_cBK _2ddc |
||
| 999 |
_c11494 _d11494 |
||